|
|
|
|
| LEADER |
01880nam a2200445 i 4500 |
| 001 |
EBC4395506 |
| 003 |
MiAaPQ |
| 005 |
20200520144314.0 |
| 006 |
m o d | |
| 007 |
cr cnu|||||||| |
| 008 |
160625t20152015dcua o 000 0 eng d |
| 020 |
|
|
|z 9781513593432
|
| 020 |
|
|
|a 9781513531052
|q (electronic bk.)
|
| 035 |
|
|
|a (MiAaPQ)EBC4395506
|
| 035 |
|
|
|a (Au-PeEL)EBL4395506
|
| 035 |
|
|
|a (CaPaEBR)ebr11187377
|
| 035 |
|
|
|a (CaONFJC)MIL881609
|
| 035 |
|
|
|a (OCoLC)946309334
|
| 040 |
|
|
|a MiAaPQ
|b eng
|e rda
|e pn
|c MiAaPQ
|d MiAaPQ
|
| 043 |
|
|
|a n-mx---
|
| 050 |
|
4 |
|a HJ803
|b .I584 2015
|
| 082 |
0 |
|
|a 336.72
|2 23
|
| 110 |
2 |
|
|a International Monetary Fund,
|e author.
|
| 245 |
1 |
0 |
|a Mexico :
|b selected issues /
|c International Monetary Fund.
|
| 264 |
|
1 |
|a Washington, District of Columbia :
|b International Monetary Fund,
|c 2015.
|
| 264 |
|
4 |
|c 2015
|
| 300 |
|
|
|a 1 online resource (85 pages) :
|b illustrations, tables, graphs.
|
| 336 |
|
|
|a text
|2 rdacontent
|
| 337 |
|
|
|a computer
|2 rdamedia
|
| 338 |
|
|
|a online resource
|2 rdacarrier
|
| 490 |
1 |
|
|a IMF Country Report ;
|v Number 15/314
|
| 588 |
|
|
|a Description based on online resource; title from PDF title page (ebrary, viewed June 21, 2016).
|
| 590 |
|
|
|a Electronic reproduction. Ann Arbor, MI : ProQuest, 2016. Available via World Wide Web. Access may be limited to ProQuest affiliated libraries.
|
| 650 |
|
0 |
|a Fiscal policy
|z Mexico.
|
| 651 |
|
0 |
|a Mexico
|x Economic policy.
|
| 655 |
|
4 |
|a Electronic books.
|
| 776 |
0 |
8 |
|i Print version:
|a International Monetary Fund.
|t Mexico : selected issues.
|d Washington, District of Columbia : International Monetary Fund, c2015
|h 83 pages
|k IMF country report ; Number 15/314.
|z 9781513593432
|
| 797 |
2 |
|
|a ProQuest (Firm)
|
| 830 |
|
0 |
|a IMF country report ;
|v Number 15/314.
|
| 856 |
4 |
0 |
|u https://ebookcentral.proquest.com/lib/matrademy/detail.action?docID=4395506
|z Click to View
|